Statistics for KFZ-Kennzeichen in Baden-Württemberg

Click here to take the quiz!

General Stats

  • This quiz has been taken 273 times
  • The average score is 40 of 51

Answer Stats

AalenAA% Correct
StuttgartS
98%
BöblingenBB
97%
Freiburg im BreisgauFR
97%
KarlsruheKA
97%
UlmUL
96%
RastattRA
95%
Baden-BadenBAD
94%
PforzheimPF
94%
Esslingen am NeckarES
93%
Tübingen
93%
CalwCW
92%
EmmendingenEM
91%
HeidelbergHD
91%
MannheimMA
91%
Villingen-SchwenningenVS
91%
GöppingenGP
90%
LudwigsburgLB
88%
Lörrach
88%
ReutlingenRT
88%
CrailsheimCR
87%
RottweilRW
87%
RavensburgRV
86%
LeonbergLEO
85%
TuttlingenTUT
85%
BalingenBL
83%
HeilbronnHN
83%
KonstanzKN
83%
MosbachMOS
83%
SigmaringenSIG
83%
Waldshut-TiengenWT
82%
WolfachWOL
79%
HorbHOR
77%
BüsingenBÜS
76%
Baden-Württembergischer LandtagBWL
75%
Biberach an der RißBC
71%
BühlBH
71%
OffenburgOG
71%
KünzelsauKÜN
68%
FreudenstadtFDS
67%
BacknangBK
65%
Heidenheim an der BrenzHDH
64%
KehlKEL
64%
TauberbischofsheimTBB
61%
FriedrichshafenFN
60%
Schwäbisch HallSHA
58%
Lahr/SchwarzwaldLR
55%
WaiblingenWN
55%
HechingenHCH
49%
Buchen (Odenwald)BCH
42%
Schwäbisch GmündGD
35%
Bad MergentheimMGH
35%

Score Distribution

Percentile by Number Answered

Percent of People with Each Score

Your Score History

You have not taken this quiz